|
|
|
|
| LEADER |
01535nam a2200373 a 4500 |
| 001 |
EBC822317 |
| 003 |
MiAaPQ |
| 005 |
20200520144314.0 |
| 006 |
m o d | |
| 007 |
cr cn||||||||| |
| 008 |
111202s2011 enka sb 001 0 eng d |
| 020 |
|
|
|z 9780470742471
|
| 020 |
|
|
|a 9780470978733 (electronic bk.)
|
| 035 |
|
|
|a (MiAaPQ)EBC822317
|
| 035 |
|
|
|a (Au-PeEL)EBL822317
|
| 035 |
|
|
|a (CaPaEBR)ebr10506261
|
| 035 |
|
|
|a (CaONFJC)MIL330611
|
| 035 |
|
|
|a (OCoLC)762325072
|
| 040 |
|
|
|a MiAaPQ
|c MiAaPQ
|d MiAaPQ
|
| 050 |
|
4 |
|a HD57.7
|b .D48 2011
|
| 100 |
1 |
|
|a De Vries, Manfred Kets.
|
| 245 |
1 |
0 |
|a Reflections on groups and organizations
|h [electronic resource] /
|c Manfred F.R. Kets de Vries.
|
| 260 |
|
|
|a Chichester, West Sussex :
|b Jossey-Bass,
|c 2011.
|
| 300 |
|
|
|a xx, 335 p. :
|b ill.
|
| 490 |
1 |
|
|a On the couch with Manfred Kets de Vries
|
| 504 |
|
|
|a Includes bibliographical references and index.
|
| 505 |
0 |
|
|a pt. 1. Interpersonal and group processes -- pt. 2. The people dimension in organizations -- pt. 3. Changing people and organizations.
|
| 533 |
|
|
|a Electronic reproduction. Ann Arbor, MI : ProQuest, 2015. Available via World Wide Web. Access may be limited to ProQuest affiliated libraries.
|
| 650 |
|
0 |
|a Leadership.
|
| 650 |
|
0 |
|a Organizational behavior.
|
| 655 |
|
4 |
|a Electronic books.
|
| 710 |
2 |
|
|a ProQuest (Firm)
|
| 800 |
1 |
|
|a Kets de Vries, Manfred F. R.
|t On the couch with Manfred Kets de Vries.
|
| 856 |
4 |
0 |
|u https://ebookcentral.proquest.com/lib/matrademy/detail.action?docID=822317
|z Click to View
|